000 00682nas a2200241 4500
001 BR0500419
003 BR-BrBNA
005 20231205105144.0
007 ta
008 230509b bl.|||p| |||| 00| 00por d
040 _aBR-BrBNA
_bpor
_cBiblioteca Nacional de Agricultura
041 _a(Pt)
072 _aE10
100 1 _aPassos, M.H.
245 1 _aFalando línguas diferentes
650 _aEMPRESA
650 _aBALANÇA COMERCIAL
650 _aCONTABILIDADE
650 _aANÁLISE ECONÔMICA
773 0 _tConjuntura Econômica (Brazil)
_xISSN 0010-5945
_g(Sep 2004), v. 58(9) p. 100-101
_wBR0500419
909 _a202311
_bLúcia
_c55
_dLúcia Elande
942 _2AGRIS
_n0
_cANA
999 _c181518
_d181518